[Event "11th Essent op"]
[Site "Hoogeveen NED"]
[Date "2007.10.18"]
[Round "7.19"]
[White "Kodentsov, Grigori"]
[Black "Ris, Robert"]
[Result "1-0"]
[WhiteElo "2307"]
[BlackElo "2381"]
[EventDate "2007.10.12"]
[PlyCount "109"]

1.e4 e5 2.Nf3 Nc6 3.Bb5 a6 4.Ba4 Nf6 5.O-O b5 6.Bb3 Bc5 7.c3 d6 8.a4 Rb8 
9.d4 Bb6 10.Na3 O-O 11.axb5 axb5 12.Nxb5 Bg4 13.Be3 exd4 14.cxd4 Nxe4 15.
Qc2 Qe8 16.Ba4 Bd7 17.Rfe1 Nb4 18.Qc4 Ba5 19.Nc3 Nxc3 20.Bxd7 Qxd7 21.bxc3
d5 22.Ne5 Qf5 23.Qe2 Nc2 24.g4 Qe4 25.f3 Qxe3+ 26.Qxe3 Nxe3 27.Rxa5 Nc4 
28.Nxc4 dxc4 29.Kf2 Rb3 30.Re3 h6 31.Rc5 Ra8 32.Rxc4 Ra2+ 33.Re2 Raa3 34.
Rxc7 Rxc3 35.Rxc3 Rxc3 36.Re8+ Kh7 37.h4 Kg6 38.Kg3 Rd3 39.Rd8 Kf6 40.Kf4 
Ke7 41.Rd5 Ke6 42.Re5+ Kd6 43.Ke4 Rd1 44.Ra5 Rf1 45.Ra7 Ke6 46.d5+ Kf6 47.
Ra6+ Ke7 48.h5 Rd1 49.Ke5 Re1+ 50.Kf5 Rd1 51.Ra7+ Ke8 52.Ke5 Rb1 53.Kd6 
Rb8 54.Re7+ Kf8 55.Re3 1-0

[Event "11th Essent op"]
[Site "Hoogeveen NED"]
[Date "2007.10.18"]
[Round "7.20"]
[White "Pg, Mohd Omar Ak Hirawa"]
[Black "Hamelink, Desiree"]
[Result "1-0"]
[WhiteElo "2316"]
[BlackElo "2202"]
[EventDate "2007.10.12"]
[PlyCount "145"]

1.e4 c5 2.Nc3 e6 3.Nf3 a6 4.a4 Nc6 5.Be2 Qc7 6.O-O Nf6 7.Re1 b6 8.Bf1 Bb7 
9.d3 d6 10.d4 cxd4 11.Nxd4 Be7 12.Nxc6 Bxc6 13.Bd3 O-O 14.Qe2 Bb7 15.Bg5 
Rfe8 16.Ra3 h6 17.Bh4 Nd7 18.Bxe7 Rxe7 19.Rd1 Qc6 20.f3 Qc5+ 21.Qf2 Rc8 
22.Qxc5 dxc5 23.Kf2 g5 24.Be2 Kf8 25.Raa1 Ke8 26.Rd6 Kd8 27.Rad1 Kc7 28.
R6d2 Ne5 29.Nb1 Nc6 30.Na3 Rd8 31.Rxd8 Nxd8 32.Nc4 Nc6 33.c3 f6 34.g3 Bc8 
35.Nd6 Rd7 36.Ne8+ Kd8 37.Rxd7+ Kxd7 38.Nxf6+ Kd6 39.Ng8 h5 40.h4 gxh4 41.
gxh4 Ne5 42.Nf6 Ng6 43.Kg3 e5 44.Nxh5 Bd7 45.Bxa6 Bxa4 46.f4 Bd1 47.f5 
Bxh5 48.fxg6 Bxg6 49.Kf3 Bh5+ 50.Ke3 Be8 51.Be2 Ke6 52.h5 Kf6 53.h6 Bg6 
54.Kd3 b5 55.Ke3 b4 56.cxb4 cxb4 57.Kd3 Kg5 58.Kc4 Bxe4 59.Bd3 Bxd3+ 60.
Kxd3 Kxh6 61.Ke4 Kg7 62.Kxe5 Kf7 63.Kd5 Ke7 64.Kc4 b3 65.Kxb3 Kd7 66.Kb4 
Kc6 67.Ka5 Kb7 68.Kb5 Kc7 69.Ka6 Kc6 70.b4 Kc7 71.b5 Kb8 72.Kb6 Ka8 73.Kc7
1-0

[Event "11th Essent op"]
[Site "Hoogeveen NED"]
[Date "2007.10.18"]
[Round "7.21"]
[White "Pijpers, Arthur"]
[Black "Fayard, Alain"]
[Result "0-1"]
[WhiteElo "2000"]
[BlackElo "2360"]
[EventDate "2007.10.12"]
[PlyCount "94"]

1.e4 e5 2.Nf3 Nc6 3.Bb5 a6 4.Ba4 Nf6 5.O-O Be7 6.Re1 b5 7.Bb3 d6 8.c3 O-O 
9.h3 Na5 10.Bc2 c5 11.d4 Qc7 12.Nbd2 Nc6 13.d5 Nd8 14.Nf1 Ne8 15.g4 f6 16.
Ng3 g6 17.a4 Rb8 18.axb5 axb5 19.Kh2 Nf7 20.Rg1 Ng7 21.Ne1 Bd7 22.h4 Ra8 
23.Rxa8 Rxa8 24.h5 Ra1 25.Ng2 Qc8 26.f3 Ng5 27.Nh4 Bxg4 28.fxg4 Rxc1 29.
Qxc1 Qxg4 30.Rg2 Qxh4+ 31.Kg1 Nxh5 32.Qe3 Nf4 33.Rh2 Qg4 34.Kf2 Nfh3+ 35.
Kf1 Nf3 36.Rg2 Nf4 37.Bd1 Nxg2 38.Qxf3 Qxf3+ 39.Bxf3 Nf4 40.Bg4 h5 41.Bd7 
b4 42.cxb4 cxb4 43.Ne2 Nd3 44.Bb5 Nc5 45.Ng3 h4 46.Nh1 Nxe4 47.Bd3 f5 0-1

[Event "11th Essent op"]
[Site "Hoogeveen NED"]
[Date "2007.10.18"]
[Round "7.22"]
[White "Van Kampen, Robin"]
[Black "Sadallah, Osama"]
[Result "0-1"]
[WhiteElo "2475"]
[BlackElo "2108"]
[EventDate "2007.10.12"]
[PlyCount "60"]

1.e4 d6 2.d4 Nf6 3.Nc3 g6 4.Be3 c6 5.Qd2 Nbd7 6.Nf3 Qa5 7.Bd3 e5 8.O-O Ng4
9.Bg5 h6 10.Bh4 g5 11.Bg3 Bg7 12.dxe5 Ndxe5 13.Be2 Be6 14.Nd4 O-O-O 15.f3 
Nf6 16.Rfb1 Nh5 17.b4 Qc7 18.Bf2 Nf4 19.Nxe6 fxe6 20.b5 Qa5 21.Rb3 c5 22.
Rab1 d5 23.exd5 exd5 24.Bd3 Nexd3 25.cxd3 Bxc3 26.Qc2 d4 27.b6 a6 28.Be1 
Bxe1 29.Rb5 axb5 30.Qxc5+ Kb8 0-1

[Event "11th Essent op"]
[Site "Hoogeveen NED"]
[Date "2007.10.18"]
[Round "7.23"]
[White "Okkes, Menno"]
[Black "Van Opheusden, Bas"]
[Result "1-0"]
[WhiteElo "2386"]
[BlackElo "2149"]
[EventDate "2007.10.12"]
[PlyCount "77"]

1.e4 c5 2.Nf3 d6 3.d4 cxd4 4.Nxd4 Nf6 5.Nc3 a6 6.Be3 e5 7.Nb3 Be6 8.Qd2 b5
9.f3 Nbd7 10.a4 b4 11.Nd5 Bxd5 12.exd5 Nb6 13.Bxb6 Qxb6 14.a5 Qb7 15.O-O-O
g6 16.g4 Bg7 17.Kb1 O-O 18.h4 Rfe8 19.h5 e4 20.hxg6 fxg6 21.fxe4 Rxe4 22.
g5 Nh5 23.Bg2 Rc4 24.Bf1 Re4 25.Bd3 Rg4 26.Be2 Rg2 27.Rdg1 Rxg1+ 28.Rxg1 
Qe7 29.Nc1 Rb8 30.Rg4 Bc3 31.Qd3 Bh8 32.Qb3 Be5 33.Rxb4 Rxb4 34.Qxb4 Qxg5 
35.Nb3 Qg2 36.Bxa6 Nf4 37.Bc4 Ne2 38.a6 Bd4 39.Bxe2 1-0

[Event "11th Essent op"]
[Site "Hoogeveen NED"]
[Date "2007.10.18"]
[Round "7.24"]
[White "Ruijgrok, Dennis"]
[Black "Van Weersel, Arlette"]
[Result "1/2-1/2"]
[WhiteElo "2330"]
[BlackElo "2174"]
[EventDate "2007.10.12"]
[PlyCount "105"]

1.e4 e5 2.Nf3 Nc6 3.Bb5 a6 4.Bxc6 dxc6 5.O-O f6 6.d4 exd4 7.Nxd4 c5 8.Ne2 
Qxd1 9.Rxd1 Bd7 10.Nbc3 O-O-O 11.Be3 Re8 12.Rd2 Bc6 13.Rad1 b6 14.f3 Ne7 
15.Nf4 Ng6 16.Ncd5 Ne5 17.b3 c4 18.Bd4 Kb7 19.h4 cxb3 20.cxb3 Ng6 21.Be3 
f5 22.Rc2 fxe4 23.Rdc1 Ne5 24.Bd4 Ba3 25.Re1 Nd3 26.Rxe4 Rxe4 27.fxe4 Nxf4
28.Nxf4 Bxe4 29.Re2 Bc6 30.Bxg7 Rg8 31.Bf6 Bc5+ 32.Kh2 Bb5 33.Re4 Bd6 34.
g3 Re8 35.Rxe8 Bxe8 36.Kg2 Bc6+ 37.Kf2 Be4 38.Ke3 Bb1 39.Kd2 c5 40.Kc3 Kc6
41.a4 b5 42.axb5+ axb5 43.Kd2 Bf5 44.Kc3 Bc7 45.b4 cxb4+ 46.Kxb4 Bd6+ 47.
Kc3 Bc5 48.Be5 Bf2 49.Nd3 Bxd3 50.Kxd3 Kd5 51.Bf4 b4 52.h5 Bd4 53.Bd2 
1/2-1/2

[Event "11th Essent op"]
[Site "Hoogeveen NED"]
[Date "2007.10.18"]
[Round "7.25"]
[White "Ahlers, Ben"]
[Black "Vuilleumier, Alexandre"]
[Result "0-1"]
[WhiteElo "2190"]
[BlackElo "2315"]
[EventDate "2007.10.12"]
[PlyCount "78"]

1.e4 c5 2.c3 e6 3.d4 d5 4.e5 Nc6 5.Nf3 Qb6 6.a3 Nh6 7.b4 cxd4 8.cxd4 Nf5 
9.Bb2 Be7 10.Bd3 O-O 11.O-O a5 12.b5 a4 13.Ra2 Na5 14.Nc3 Nc4 15.Bxf5 exf5
16.Nxd5 Qd8 17.Nxe7+ Qxe7 18.Qd3 Nb6 19.Raa1 Be6 20.d5 Nxd5 21.Nd4 Rfd8 
22.g3 f4 23.Nf5 Bxf5 24.Qxf5 Ra5 25.Bc1 Qe6 26.Qd3 Raa8 27.Rd1 Qe8 28.Re1 
Nb4 29.Qe4 Nd3 30.Bxf4 Nxe1 31.Rxe1 Qd7 32.Re3 Qd5 33.Qb4 Rac8 34.Re1 Qb3 
35.Rb1 Rd1+ 36.Rxd1 Qxd1+ 37.Kg2 Qb3 38.Qe7 Qxb5 39.Kg1 Qd5 0-1

[Event "11th Essent op"]
[Site "Hoogeveen NED"]
[Date "2007.10.18"]
[Round "7.27"]
[White "Otte, Marijn Willem"]
[Black "Kuipers, Stefan"]
[Result "1/2-1/2"]
[WhiteElo "2155"]
[BlackElo "2283"]
[EventDate "2007.10.12"]
[PlyCount "59"]

1.e4 c5 2.Nf3 Nc6 3.Nc3 e5 4.Bc4 d6 5.d3 Be7 6.Nd2 Nf6 7.Nf1 Bg4 8.f3 Be6 
9.Ne3 O-O 10.O-O a6 11.a4 Rc8 12.g3 Nd7 13.Bd2 Bg5 14.f4 exf4 15.gxf4 Bf6 
16.Kh1 Nb6 17.Bd5 Nb4 18.Bxe6 fxe6 19.Qg4 Qe7 20.a5 Nd7 21.Rae1 Bd4 22.
Ncd1 Qf7 23.Re2 Kh8 24.Nc4 Ne5 25.Nxe5 Bxe5 26.Ne3 Bf6 27.Nc4 Be7 28.Bc3 
Nc6 29.Rg2 Nd4 30.b3 1/2-1/2

[Event "11th Essent op"]
[Site "Hoogeveen NED"]
[Date "2007.10.18"]
[Round "7.28"]
[White "Van Eijk, Sander"]
[Black "Vroombout, Enrico"]
[Result "1-0"]
[WhiteElo "2275"]
[BlackElo "2141"]
[EventDate "2007.10.12"]
[PlyCount "105"]

1.e4 c5 2.Nf3 d6 3.d4 cxd4 4.Nxd4 Nf6 5.Nc3 a6 6.Bc4 e6 7.O-O Be7 8.Bb3 
Nc6 9.f4 O-O 10.Kh1 Qc7 11.f5 Nxd4 12.Qxd4 b5 13.a3 Bd7 14.Bg5 a5 15.Rad1 
Kh8 16.Bxf6 gxf6 17.Qd3 Qc5 18.Ne2 Rg8 19.Qd4 Rac8 20.c3 Rg4 21.h3 Qxd4 
22.Rxd4 Rg5 23.Rd2 Bc6 24.fxe6 Bxe4 25.Nf4 b4 26.cxb4 axb4 27.exf7 bxa3 
28.bxa3 Rc3 29.Bd5 Rc2 30.Rxc2 Bxc2 31.Re1 Re5 32.Rxe5 dxe5 33.Ne6 Bxa3 
34.f8=Q+ Bxf8 35.Nxf8 Kg7 36.Nd7 Kg6 37.Kg1 Ba4 38.Nc5 Bb5 39.Kf2 f5 40.
Ke3 Bf1 41.Nd7 e4 42.Kf2 Bb5 43.Bc6 Ba6 44.g3 Kg5 45.h4+ Kg4 46.Nf6+ Kh3 
47.Nd5 Bc4 48.Ne3 Be6 49.Bb5 Bc8 50.Bf1+ Kh2 51.Bg2 Ba6 52.Nxf5 h5 53.Bxe4
1-0

[Event "11th Essent op"]
[Site "Hoogeveen NED"]
[Date "2007.10.18"]
[Round "7.29"]
[White "Mamedjarova, Zeinab"]
[Black "Schut, Donna"]
[Result "1-0"]
[WhiteElo "2342"]
[BlackElo "1999"]
[EventDate "2007.10.12"]
[PlyCount "95"]

1.g3 d5 2.Bg2 Nf6 3.c4 c6 4.cxd5 cxd5 5.Nf3 Nc6 6.O-O Bf5 7.d3 e6 8.b3 Rc8
9.Bb2 Be7 10.Na3 O-O 11.Nc2 Bg4 12.Qd2 Bxf3 13.Bxf3 Ne8 14.Rac1 Bg5 15.e3 
Bf6 16.d4 Be7 17.Be2 Nd6 18.f3 f5 19.Ne1 Qe8 20.Nd3 Qg6 21.Ne5 Nxe5 22.
dxe5 Nf7 23.Rxc8 Rxc8 24.Rc1 Rxc1+ 25.Qxc1 Nd8 26.Qc7 Kf8 27.Ba3 Bxa3 28.
Qxd8+ Qe8 29.Qa5 Bb2 30.Qxa7 Qc6 31.f4 d4 32.Kf2 Qe4 33.Qc5+ Kf7 34.Bh5+ 
g6 35.Qc7+ Ke8 36.Qc8+ Ke7 37.Qc7+ Ke8 38.Qc8+ Ke7 39.Qc5+ Ke8 40.Qc8+ Ke7
41.Bf3 Qxe3+ 42.Kg2 d3 43.Qxb7+ Kf8 44.Qc8+ Kg7 45.Qd7+ Kf8 46.Qd8+ Kf7 
47.Qf6+ Ke8 48.Bc6# 1-0

[Event "11th Essent op"]
[Site "Hoogeveen NED"]
[Date "2007.10.18"]
[Round "7.30"]
[White "Van Kooten, Luuk"]
[Black "Rooda, Kai P"]
[Result "1-0"]
[WhiteElo "2283"]
[BlackElo "2146"]
[EventDate "2007.10.12"]
[PlyCount "35"]

1.d4 Nc6 2.d5 Ne5 3.e4 e6 4.f4 Ng6 5.dxe6 fxe6 6.Bd3 Qh4+ 7.g3 Qe7 8.Nc3 
b6 9.Nf3 Bb7 10.Qe2 O-O-O 11.Bd2 d5 12.h4 Qc5 13.h5 N6e7 14.Ng5 Nc6 15.
Nxe6 Nd4 16.Nxc5 Nxe2 17.Nxb7 Kxb7 18.Kxe2 1-0

[Event "11th Essent op"]
[Site "Hoogeveen NED"]
[Date "2007.10.18"]
[Round "7.31"]
[White "Klein, David"]
[Black "Van den Berg, Ad"]
[Result "1-0"]
[WhiteElo "2086"]
[BlackElo "2248"]
[EventDate "2007.10.12"]
[PlyCount "71"]

1.e4 c5 2.Nf3 Nc6 3.d4 cxd4 4.Nxd4 Nf6 5.Nc3 d6 6.Bg5 e6 7.Qd2 a6 8.O-O-O 
Bd7 9.f3 b5 10.Nxc6 Bxc6 11.Ne2 h6 12.Be3 e5 13.Kb1 Qc7 14.Nc3 Be7 15.Nd5 
Bxd5 16.exd5 Qb7 17.g4 a5 18.h4 b4 19.Bc4 a4 20.g5 Nh5 21.f4 Rc8 22.Bd3 e4
23.Bxe4 Ng3 24.Qd4 f5 25.Qxg7 Kd7 26.Bd3 hxg5 27.Rhg1 Rcg8 28.Qf7 gxh4 29.
Qe6+ Kd8 30.Bxf5 Nxf5 31.Rxg8+ Rxg8 32.Qxg8+ Kc7 33.Qe6 Qc8 34.Qe4 h3 35.
Qc4+ Kd7 36.Qb5+ 1-0

[Event "11th Essent op"]
[Site "Hoogeveen NED"]
[Date "2007.10.18"]
[Round "7.32"]
[White "Borg, Andrew"]
[Black "Hoffman, Ron"]
[Result "1-0"]
[WhiteElo "2116"]
[BlackElo "2158"]
[EventDate "2007.10.12"]
[PlyCount "71"]

1.Nf3 g6 2.d4 Bg7 3.c4 Nf6 4.Nc3 O-O 5.e4 d6 6.h3 e5 7.d5 Na6 8.Bg5 Qe8 9.
g4 Nd7 10.Rg1 Kh8 11.a3 f5 12.Be3 Ndc5 13.b4 Nxe4 14.Nxe4 fxe4 15.Nd2 Rf4 
16.Bg2 c6 17.Nxe4 cxd5 18.cxd5 Qe7 19.Rc1 Bd7 20.Qd3 Raf8 21.Bxf4 exf4 22.
Bf3 Nb8 23.Kf1 a6 24.Kg2 Bb5 25.Qc2 Nd7 26.a4 Bxa4 27.Qxa4 Ne5 28.Qd1 h5 
29.Qc2 Re8 30.Rce1 Qh4 31.Qd1 Rc8 32.Nxd6 Rc1 33.Qxc1 Nxf3 34.Kxf3 Qxh3+ 
35.Ke4 hxg4 36.Rh1 1-0

[Event "11th Essent op"]
[Site "Hoogeveen NED"]
[Date "2007.10.18"]
[Round "7.33"]
[White "Van der Leest, Bert"]
[Black "Galje, Hans"]
[Result "0-1"]
[WhiteElo "2199"]
[BlackElo "2143"]
[EventDate "2007.10.12"]
[PlyCount "72"]

1.e4 e6 2.d4 d5 3.Nc3 Bb4 4.Bd2 Ne7 5.Qg4 O-O 6.e5 c5 7.dxc5 Nbc6 8.Nf3 
Bxc5 9.Bd3 f5 10.exf6 Rxf6 11.Bg5 Rf7 12.O-O-O Qa5 13.Bxe7 Rxe7 14.Ng5 h6 
15.Bh7+ Kh8 16.Rhe1 Bd7 17.Bg6 Rf8 18.Nxe6 Nd4 19.Rxd4 Bxd4 20.Qxd4 Rxe6 
21.Rxe6 Bxe6 22.Qh4 Qc7 23.Bd3 Qf4+ 24.Qxf4 Rxf4 25.f3 g5 26.Ne2 Rf8 27.
Kd2 Bd7 28.Nd4 g4 29.c3 gxf3 30.Nxf3 Rg8 31.g3 Re8 32.Nd4 Rf8 33.Ke3 Kg7 
34.Nf3 Bf5 35.Be2 Bg4 36.Ng1 h5 0-1

[Event "11th Essent op"]
[Site "Hoogeveen NED"]
[Date "2007.10.18"]
[Round "7.34"]
[White "Friesen, Boris"]
[Black "Fehr, Axel"]
[Result "0-1"]
[WhiteElo "2152"]
[BlackElo "2150"]
[EventDate "2007.10.12"]
[PlyCount "68"]

1.e4 d6 2.d4 Nf6 3.f3 g6 4.c4 Bg7 5.Nc3 O-O 6.Be3 c5 7.dxc5 dxc5 8.Qxd8 
Rxd8 9.Bxc5 Nc6 10.Bf2 b6 11.Rd1 Ba6 12.Be2 Rxd1+ 13.Nxd1 Nd7 14.Nh3 Rd8 
15.Nf4 e6 16.b3 Nb4 17.a4 Nc5 18.Bxc5 bxc5 19.Nf2 Nc2+ 20.Kf1 Ne3+ 21.Kg1 
Rd2 22.Bf1 Bd4 23.Ne2 Nd1 24.Nxd4 Nxf2 25.Nc6 Nxh1 26.Kxh1 Rb2 27.Nxa7 
Rxb3 28.Nb5 Rb1 29.Kg1 Ra1 30.Kf2 Rxa4 31.Ke3 Bxb5 32.cxb5 Rb4 33.Be2 e5 
34.Kd2 Kf8 0-1

[Event "11th Essent op"]
[Site "Hoogeveen NED"]
[Date "2007.10.18"]
[Round "7.35"]
[White "Middelveld, Martine"]
[Black "Fernandez, Daniel Howard"]
[Result "0-1"]
[WhiteElo "2009"]
[BlackElo "2102"]
[EventDate "2007.10.12"]
[PlyCount "52"]

1.d4 Nf6 2.c4 e5 3.dxe5 Ne4 4.a3 d6 5.Nf3 Nc6 6.exd6 Bxd6 7.e3 Bf5 8.Be2 
Qf6 9.Qb3 O-O-O 10.Bd2 Nxd2 11.Nbxd2 g5 12.g3 Rhe8 13.Rc1 Bc5 14.Qc3 Qe7 
15.Nb3 Bxe3 16.Qxe3 Qf6 17.Qc3 Rxe2+ 18.Kxe2 Bd3+ 19.Ke3 Qe7+ 20.Ne5 Nxe5 
21.Rhe1 Qf6 22.f4 gxf4+ 23.gxf4 Ng4+ 24.Kf3 Qh4 25.Rg1 Qf2+ 26.Kxg4 Rg8+ 
0-1

[Event "11th Essent op"]
[Site "Hoogeveen NED"]
[Date "2007.10.18"]
[Round "7.36"]
[White "Van der Veen, Jan"]
[Black "Hendriks, Richard V"]
[Result "1/2-1/2"]
[WhiteElo "2144"]
[BlackElo "2125"]
[EventDate "2007.10.12"]
[PlyCount "24"]

1.e4 e5 2.Nf3 Nc6 3.Bb5 a6 4.Ba4 Nf6 5.O-O Be7 6.Re1 b5 7.Bb3 d6 8.c3 O-O 
9.h3 Na5 10.Bc2 c5 11.d4 Qc7 12.Nbd2 Bd7 1/2-1/2

[Event "11th Essent op"]
[Site "Hoogeveen NED"]
[Date "2007.10.18"]
[Round "7.37"]
[White "Potze, Rudolf"]
[Black "Meurs, Tom WA"]
[Result "0-1"]
[WhiteElo "2137"]
[BlackElo "2051"]
[EventDate "2007.10.12"]
[PlyCount "83"]

1.e4 e5 2.Nf3 Nc6 3.Bb5 Nd4 4.Nxd4 exd4 5.O-O h5 6.d3 c6 7.Bc4 Bc5 8.a4 d5
9.exd5 cxd5 10.Ba2 a5 11.Qf3 Nf6 12.Bg5 Ra6 13.Nd2 Rd6 14.Rfe1+ Kf8 15.h3 
Be6 16.Re2 Bb6 17.Qf4 Rc6 18.Nf3 Qd6 19.Ne5 Bc7 20.Nxc6 Qxc6 21.Qxd4 Qd6 
22.g3 Bxh3 23.Bf4 Qc6 24.Bxc7 Qxc7 25.Qe5 Qd8 26.Rae1 Be6 27.Qf4 h4 28.f3 
hxg3 29.Qxg3 Rh3 30.Qg2 Rh6 31.Kf2 Qb6+ 32.Re3 Qc7 33.Rh1 Qxc2+ 34.Re2 
Qc5+ 35.Re3 Ng4+ 36.fxg4 Rf6+ 37.Qf3 Qc2+ 38.Kg3 Rxf3+ 39.Kxf3 g6 40.Rhe1 
Qxa4 41.Bb1 Qxg4+ 42.Kf2 0-1

[Event "11th Essent op"]
[Site "Hoogeveen NED"]
[Date "2007.10.19"]
[Round "8.1"]
[White "Winants, Luc"]
[Black "l`Ami, Erwin"]
[Result "1/2-1/2"]
[WhiteElo "2504"]
[BlackElo "2577"]
[EventDate "2007.10.12"]
[PlyCount "100"]

1.d4 d5 2.c4 c6 3.Nf3 Nf6 4.Nc3 e6 5.Qb3 dxc4 6.Qxc4 b5 7.Qd3 a6 8.a4 Bb7 
9.Bg5 Nbd7 10.Rc1 Be7 11.e3 O-O 12.Be2 bxa4 13.O-O a3 14.bxa3 Bxa3 15.Rb1 
Ra7 16.e4 Be7 17.e5 Nd5 18.Ne4 h6 19.Bxe7 Qxe7 20.Qc2 Nf4 21.Rfc1 c5 22.
Nxc5 Nxc5 23.dxc5 Rc8 24.Bd1 Bd5 25.Ra1 Rac7 26.Ra5 Bc6 27.Qc4 Ng6 28.Qxa6
Bxf3 29.Bxf3 Nxe5 30.Be4 Qg5 31.Rc2 Qg4 32.f3 Qf4 33.Qe2 Nc6 34.Bxc6 Qd4+ 
35.Kf1 Rxc6 36.Qe4 Qd8 37.Rb5 Qc7 38.f4 Rd8 39.g3 Rd5 40.Qb4 Qe7 41.Kg2 
Qf6 42.Qe4 g6 43.h4 Kg7 44.Qe3 e5 45.fxe5 Rxe5 46.Qf3 Rf5 47.Qb3 Qe7 48.
Qd3 Rcf6 49.Qd4 Kh7 50.Rbb2 Rc6 1/2-1/2

[Event "11th Essent op"]
[Site "Hoogeveen NED"]
[Date "2007.10.19"]
[Round "8.2"]
[White "Postny, Evgeny"]
[Black "Smeets, Jan"]
[Result "1/2-1/2"]
[WhiteElo "2598"]
[BlackElo "2558"]
[EventDate "2007.10.12"]
[PlyCount "34"]

1.d4 d5 2.c4 c6 3.Nf3 Nf6 4.Qc2 a6 5.g3 dxc4 6.Qxc4 b5 7.Qc2 Bb7 8.Bg2 e6 
9.O-O Qb6 10.Nbd2 Nbd7 11.Nb3 Rc8 12.Bd2 c5 13.dxc5 Nxc5 14.Rac1 Nxb3 15.
Qxb3 Bc5 16.Ne5 Bxg2 17.Kxg2 O-O 1/2-1/2

[Event "11th Essent op"]
[Site "Hoogeveen NED"]
[Date "2007.10.19"]
[Round "8.3"]
[White "Werle, Jan"]
[Black "Hort, Vlastimil"]
[Result "1/2-1/2"]
[WhiteElo "2568"]
[BlackElo "2483"]
[EventDate "2007.10.12"]
[PlyCount "67"]

1.d4 Nf6 2.c4 e6 3.Nf3 b6 4.Nc3 Bb7 5.a3 d5 6.Qc2 Be7 7.Bg5 Nbd7 8.cxd5 
exd5 9.e3 O-O 10.Be2 c5 11.O-O Rc8 12.dxc5 Nxc5 13.Bxf6 Bxf6 14.Nb5 Ne6 
15.Qd2 d4 16.Rad1 Bxf3 17.Bxf3 dxe3 18.Qxe3 Qe7 19.Bg4 Bxb2 20.Rfe1 Rcd8 
21.Rb1 Bf6 22.Qb3 Rfe8 23.Bxe6 fxe6 24.Rbc1 Rd7 25.Rc6 Qd8 26.Rexe6 Rxe6 
27.Qxe6+ Kh8 28.Nd6 h6 29.g3 Qe7 30.Qd5 Kh7 31.h4 Qe5 32.Qd3+ g6 33.Kg2 h5
34.f4 1/2-1/2

[Event "11th Essent op"]
[Site "Hoogeveen NED"]
[Date "2007.10.19"]
[Round "8.4"]
[White "Nijboer, Friso"]
[Black "Visser, Yge"]
[Result "1/2-1/2"]
[WhiteElo "2559"]
[BlackElo "2470"]
[EventDate "2007.10.12"]
[PlyCount "183"]

1.e4 e6 2.d4 d5 3.Nc3 Nf6 4.e5 Nfd7 5.f4 c5 6.Nf3 Nc6 7.Be3 a6 8.Qd2 b5 9.
Be2 Qb6 10.Nd1 b4 11.c3 bxc3 12.bxc3 cxd4 13.Nxd4 Nc5 14.Nf2 Na5 15.O-O 
Be7 16.c4 Nxc4 17.Bxc4 dxc4 18.Rfc1 Bb7 19.Rxc4 Qd8 20.Qc2 O-O 21.Rxc5 
Bxc5 22.Qxc5 Rc8 23.Qb4 Qd5 24.Nf3 a5 25.Qb2 Rc4 26.a3 Qc6 27.Rb1 Ba8 28.
Qb6 Qxb6 29.Bxb6 Rb8 30.Rd1 a4 31.Ba5 Rxf4 32.Ne1 h6 33.Bb4 Bd5 34.Nfd3 
Re4 35.Kf2 Rc8 36.Nf3 Rc2+ 37.Rd2 Rec4 38.Nb2 Rxd2+ 39.Nxd2 Rg4 40.g3 Bc6 
41.Bc3 Rg5 42.Nd3 h5 43.Nf4 h4 44.Nf1 f6 45.Ne3 fxe5 46.Nd3 hxg3+ 47.hxg3 
Rh5 48.Nxe5 Rh2+ 49.Ke1 Bb5 50.Bd2 Rh5 51.Bc3 Rh2 52.Kd1 Rh3 53.Be1 Rh2 
54.Bd2 Rh5 55.Nf3 e5 56.g4 Rh1+ 57.Kc2 e4 58.Nd4 Bd7 59.Kc3 Rg1 60.Ne2 Rb1
61.Nc1 Kf7 62.Kd4 Bc6 63.Nc4 Ke6 64.Ne2 Bb5 65.Nc3 Rb3 66.Nxb5 Rxb5 67.
Kxe4 Rb3 68.Bb4 Rg3 69.Ne3 Rg1 70.Kf3 Rb1 71.Nc4 g5 72.Nd2 Rg1 73.Ne4 Rf1+
74.Ke3 Rg1 75.Nxg5+ Kd5 76.Nh7 Ke5 77.Kf3 Rf1+ 78.Kg2 Rf4 79.Bc3+ Ke6 80.
Kg3 Rc4 81.Ba5 Rc5 82.Bb4 Rb5 83.Bf8 Kf7 84.Bd6 Ke6 85.Bf8 Kf7 86.Bd6 Ke6 
87.Bf4 Rb3+ 88.Kh4 Rxa3 89.Ng5+ Kf6 90.Ne4+ Ke7 91.Bd6+ Kf7 92.Bxa3 
1/2-1/2

[Event "11th Essent op"]
[Site "Hoogeveen NED"]
[Date "2007.10.19"]
[Round "8.5"]
[White "Van Delft, Merijn"]
[Black "Gofshtein, Leonid D"]
[Result "1/2-1/2"]
[WhiteElo "2418"]
[BlackElo "2541"]
[EventDate "2007.10.12"]
[PlyCount "84"]

1.e4 e5 2.Nf3 Nc6 3.Bb5 a6 4.Ba4 Nge7 5.O-O g6 6.c3 Bg7 7.d4 exd4 8.cxd4 
b5 9.Bb3 d6 10.Nc3 Na5 11.Bg5 h6 12.Bh4 Nxb3 13.axb3 g5 14.Bg3 Bg4 15.Qd3 
f5 16.exf5 Bxf5 17.Qd2 O-O 18.Rfe1 Qd7 19.d5 b4 20.Nd1 a5 21.Ne3 Be4 22.
Nd4 Nxd5 23.Nc4 Rfe8 24.Nxa5 Nf4 25.f3 Nd3 26.Rxe4 Rxe4 27.Ne2 Rxe2 28.
Qxe2 Qf5 29.h4 gxh4 30.Bxh4 Bd4+ 31.Kh1 c5 32.Rd1 Nf4 33.Nc6 Qh5 34.Qe7 
Re8 35.g4 Qg6 36.Re1 Rf8 37.Bg3 Nd5 38.Qxd6 Qxd6 39.Bxd6 Rxf3 40.Re8+ Kg7 
41.Nxd4 cxd4 42.Re4 Rh3+ 1/2-1/2

[Event "11th Essent op"]
[Site "Hoogeveen NED"]
[Date "2007.10.19"]
[Round "8.6"]
[White "Safarli, Eltaj"]
[Black "Smerdon, David"]
[Result "1-0"]
[WhiteElo "2488"]
[BlackElo "2466"]
[EventDate "2007.10.12"]
[PlyCount "73"]

1.e4 e6 2.d4 d5 3.Nc3 Nf6 4.Bg5 Bb4 5.Ne2 dxe4 6.a3 Be7 7.Bxf6 gxf6 8.Nxe4
f5 9.N4c3 b6 10.g3 Bb7 11.d5 Bxd5 12.Nxd5 Qxd5 13.Qxd5 exd5 14.O-O-O c6 
15.Bh3 b5 16.Nd4 Kd8 17.Rhe1 Re8 18.f4 a6 19.Bxf5 h6 20.Bg4 Bf8 21.Re5 
Rxe5 22.fxe5 Bg7 23.Re1 Ra7 24.Nf5 Bf8 25.Bh5 Nd7 26.Bxf7 Nc5 27.e6 Ne4 
28.h4 Rc7 29.g4 Nd6 30.Nxd6 Bxd6 31.Rf1 Be7 32.g5 hxg5 33.h5 Bf8 34.Rf6 
Bg7 35.Rg6 Be5 36.Rg8+ Ke7 37.h6 1-0

[Event "11th Essent op"]
[Site "Hoogeveen NED"]
[Date "2007.10.19"]
[Round "8.7"]
[White "Pruijssers, Roeland"]
[Black "Abergel, Thal"]
[Result "1/2-1/2"]
[WhiteElo "2408"]
[BlackElo "2528"]
[EventDate "2007.10.12"]
[PlyCount "180"]

1.e4 c5 2.Nf3 d6 3.d4 cxd4 4.Nxd4 Nf6 5.Nc3 e6 6.g4 h6 7.h4 Nc6 8.Rg1 h5 
9.gxh5 Nxh5 10.Bg5 Qc7 11.Be2 Nf6 12.Qd2 a6 13.O-O-O Bd7 14.f4 O-O-O 15.e5
Nxd4 16.Qxd4 dxe5 17.fxe5 Bc5 18.Qf4 Bxg1 19.Rxg1 Nh5 20.Bxh5 f6 21.exf6 
Qxf4+ 22.Bxf4 gxf6 23.Be2 Rxh4 24.Bg3 Rg8 25.Bxh4 Rxg1+ 26.Kd2 Rg6 27.Ne4 
f5 28.Nd6+ Kc7 29.Nf7 Rg2 30.Ke1 Bc6 31.Kf1 Rg7 32.Ne5 Be4 33.c3 f4 34.Bf6
Rh7 35.Bg5 Rh1+ 36.Kf2 Rh2+ 37.Ke1 Rh1+ 38.Kf2 Rh2+ 39.Ke1 Rh1+ 40.Kd2 f3 
41.Nxf3 Rb1 42.b4 Rb2+ 43.Ke3 Bxf3 44.Bxf3 Rxa2 45.Bf4+ Kc8 46.Be2 Kd7 47.
Bc4 Ra1 48.Kd4 b6 49.Bg3 a5 50.Bb5+ Kd8 51.bxa5 bxa5 52.c4 a4 53.Bh4+ Kc8 
54.Kc3 a3 55.Be7 Kb7 56.Bc5 e5 57.Kb3 a2 58.Kb2 Rh1 59.Kxa2 e4 60.Kb2 Rh5 
61.Bd4 Rh2+ 62.Kc3 Rh3+ 63.Kc2 Rh2+ 64.Kd1 Ra2 65.Be8 Kc7 66.Bf7 Ra3 67.
Ke2 Kd6 68.Bg7 Ra7 69.Bf8+ Ke5 70.Bd5 Rd7 71.Bg8 Kd4 72.Ba3 Rd8 73.Bf7 Rb8
74.Bc1 Rb3 75.Bd5 Ke5 76.Be3 Rb2+ 77.Kd1 Rb3 78.Ke2 Rb2+ 79.Ke1 Rc2 80.Bf7
Kf6 81.Bg8 Rg2 82.Bd4+ Kf5 83.Bd5 Rg3 84.Ke2 Rd3 85.Bb2 Rb3 86.Bg7 Rd3 87.
Bg8 Rg3 88.Bh7+ Kf4 89.Bh6+ Ke5 90.Be3 Rg2+ 1/2-1/2

[Event "11th Essent op"]
[Site "Hoogeveen NED"]
[Date "2007.10.19"]
[Round "8.8"]
[White "Reinderman, Dimitri"]
[Black "Afek, Yochanan"]
[Result "1-0"]
[WhiteElo "2510"]
[BlackElo "2350"]
[EventDate "2007.10.12"]
[PlyCount "61"]

1.e4 c5 2.Nf3 Nf6 3.e5 Nd5 4.b3 Nc6 5.Bb2 d6 6.Bb5 Qb6 7.c4 Nf4 8.O-O Nd3 
9.Bc3 Nxe5 10.Bxe5 dxe5 11.Nxe5 Qc7 12.d4 cxd4 13.Qf3 Qxe5 14.Bxc6+ Kd8 
15.Bxb7 Bxb7 16.Qxb7 Rc8 17.Qxa7 e6 18.Nd2 Bc5 19.Qxf7 Rf8 20.Rae1 Qxe1 
21.Qxf8+ Bxf8 22.Rxe1 Bb4 23.Rd1 Ke8 24.Ne4 e5 25.f4 Ke7 26.fxe5 Ke6 27.
Nf2 Bc3 28.Nd3 Kf5 29.Kf2 Ra8 30.a4 Rb8 31.Rb1 1-0

[Event "11th Essent op"]
[Site "Hoogeveen NED"]
[Date "2007.10.19"]
[Round "8.10"]
[White "Erwich, Frank"]
[Black "Willemze, Thomas"]
[Result "1/2-1/2"]
[WhiteElo "2346"]
[BlackElo "2417"]
[EventDate "2007.10.12"]
[PlyCount "31"]

1.c4 e6 2.Nc3 d5 3.cxd5 exd5 4.d4 Nf6 5.Bg5 Be7 6.e3 O-O 7.Bd3 Nbd7 8.Nge2
Re8 9.O-O Nf8 10.f3 Ne6 11.Bh4 a6 12.Bc2 g6 13.Kh1 Ng7 14.Bxf6 Bxf6 15.e4 
c6 16.Bb3 1/2-1/2

[Event "11th Essent op"]
[Site "Hoogeveen NED"]
[Date "2007.10.19"]
[Round "8.11"]
[White "Hillarp Persson, Tiger"]
[Black "Mamedjarova, Zeinab"]
[Result "0-1"]
[WhiteElo "2567"]
[BlackElo "2342"]
[EventDate "2007.10.12"]
[PlyCount "80"]

1.e4 e5 2.Nf3 d6 3.d4 exd4 4.Nxd4 Nf6 5.Nc3 Be7 6.g3 O-O 7.Bg2 Re8 8.O-O 
Bf8 9.h3 c5 10.Nde2 Nc6 11.g4 Be6 12.g5 Nd7 13.Ng3 f6 14.h4 Rb8 15.f4 Kh8 
16.Nd5 Ne7 17.Ne3 Bf7 18.b3 Ng8 19.Bb2 Nb6 20.a4 a5 21.c4 Nd7 22.Qd2 Ra8 
23.Bc3 Ra6 24.Rad1 Be6 25.Rf2 Bf7 26.Qb2 Be6 27.Nef5 h6 28.Rfd2 Kh7 29.
Nxd6 Bxd6 30.Rxd6 Bg4 31.Rxa6 bxa6 32.Rd2 hxg5 33.hxg5 fxg5 34.e5 gxf4 35.
Be4+ g6 36.e6 Rxe6 37.Rh2+ Nh6 38.Bg7 Nf6 39.Rxh6+ Kxg7 40.Rxg6+ Kf7 0-1